New England Cities Map Quiz - Statistics

General Stats
  • This quiz has been taken 363 times
  • The average score is 10 of 13
Answers on the Map
Answers color-coded by a green-red scale on the quiz's map according to % correct below.
 
Answer Stats
Answer % Correct
Boston
93%
Providence
88%
Augusta
86%
Hartford
86%
Montpelier
82%
New Haven
81%
Manchester
79%
Burlington
78%
Newport
77%
Plymouth
75%
Portland
75%
Worcester
75%
Salem
74%
No matching quizzes found
Score Distribution
Percent of People with Each Score
Percentile by Number Answered
Your Score History
You have not taken this quiz